[Event "Adygea rapid op"]
[Site "Maikop"]
[Date "2019.05.03"]
[Round "6"]
[White "Bratkovskiy, Dmitry"]
[Black "Ivanova Skripova, Tatiana"]
[Result "1-0"]
[WhiteElo "2202"]
[BlackElo "2127"]
[PlyCount "92"]
[EventDate "2019.05.02"]
[EventType "swiss (rapid)"]
[EventRounds "9"]
[EventCountry "RUS"]
[SourceTitle "CBM 190 Extra"]
[Source "ChessBase"]
[SourceDate "2019.07.15"]
[SourceVersion "1"]
[SourceVersionDate "2019.07.15"]
[SourceQuality "1"]

1. e4 d6 2. d4 g6 3. Bd3 Bg7 4. c3 Nf6 5. Ne2 0-0 6. 0-0 Nbd7 7. f4 e5 8. Ng3 Nb6 9. h3 exd4 10. cxd4 Nh5 11. Nxh5 Bxd4+ 12. Kh2 gxh5 13. Qxh5 f6 14. Nc3 Qe8 15. Qxe8 Rxe8 16. Nb5 c5 17. Nc7 Bd7 18. Nxa8 Rxa8 19. Rb1 c4 20. Bc2 Re8 21. Rd1 Bc5 22. b4 cxb3 23. axb3 a5 24. Bd2 Bc6 25. Bxa5 Bxe4 26. Bxe4 Rxe4 27. b4 Be3 28. Bxb6 Bxb6 29. Rxd6 Bc7 30. Rxf6 Bxf4+ 31. Kg1 Kg7 32. Rf5 Bd2 33. Kf2 Bxb4 34. Kf3 Rc4 35. Rf4 Rc3+ 36. Kg4 Bd6 37. Rxb7+ Kg6 38. Rb6 Rd3 39. Ra4 h5+ 40. Kh4 Kf5 41. Kxh5 Bg3 42. Rb5+ Ke6 43. Ra6+ Bd6 44. Rbb6 Rd5+ 45. Kh4 Rd4+ 46. g4 Rd3 1-0

[Event "Adygea rapid op"]
[Site "Maikop"]
[Date "2019.05.03"]
[Round "7"]
[White "Mislaurov, Magomed"]
[Black "Bratkovskiy, Dmitry"]
[Result "0-1"]
[WhiteElo "1664"]
[BlackElo "2202"]
[PlyCount "122"]
[EventDate "2019.05.02"]
[EventType "swiss (rapid)"]
[EventRounds "9"]
[EventCountry "RUS"]
[SourceTitle "CBM 190 Extra"]
[Source "ChessBase"]
[SourceDate "2019.07.15"]
[SourceVersion "1"]
[SourceVersionDate "2019.07.15"]
[SourceQuality "1"]

1. Nf3 d5 2. b3 Nf6 3. Bb2 Nbd7 4. e3 e6 5. d4 Bd6 6. Bd3 0-0 7. 0-0 Re8 8. Ne5 c5 9. f4 Qc7 10. Nd2 a6 11. c4 b6 12. Rf3 Nf8 13. Rh3 Bb7 14. Ndf3 h6 15. g4 dxc4 16. bxc4 cxd4 17. exd4 Bxe5 18. Nxe5 N6d7 19. Qe2 f6 20. Ng6 Qc6 21. d5 Qc5+ 22. Qe3 exd5 23. Qxc5 Nxc5 24. Nxf8 Kxf8 25. Bf1 dxc4 26. Bxc4 Re4 27. Bf1 Rxf4 28. Re3 Rxg4+ 29. Kf2 Rd8 30. Bc3 Ne4+ 31. Ke1 Nxc3 32. Rxc3 Re4+ 33. Kf2 Re7 34. Kg3 Kf7 35. Bc4+ Kg6 36. Bd3+ Kf7 37. Bc4+ Kf8 38. Rac1 g5 39. Bf1 Kg7 40. Rc7 Rdd7 41. R7c3 f5 42. Bh3 f4+ 43. Kg4 Kg6 44. Rc6+ Bxc6 45. Rxc6+ Kg7 46. Kh5 Rd2 47. Rg6+ Kf7 48. Rxh6 Re5 49. Rxb6 Rxh2 50. Kg4 Rxa2 51. Rb7+ Kf6 52. Rb6+ Ke7 53. Rb7+ Kd6 54. Rb6+ Kc5 55. Rb8 Ra3 56. Bf1 Rg3+ 57. Kh5 a5 58. Rb5+ Kd4 59. Rb8 Rg1 60. Ba6 Ke3 61. Rb3+ Kf2 0-1

[Event "Adygea rapid op"]
[Site "Maikop"]
[Date "2019.05.02"]
[Round "4"]
[White "Kadilin, Alexander"]
[Black "Bratkovskiy, Dmitry"]
[Result "1-0"]
[WhiteElo "2005"]
[BlackElo "2202"]
[PlyCount "96"]
[EventDate "2019.05.02"]
[EventType "swiss (rapid)"]
[EventRounds "9"]
[EventCountry "RUS"]
[SourceTitle "CBM 190 Extra"]
[Source "ChessBase"]
[SourceDate "2019.07.15"]
[SourceVersion "1"]
[SourceVersionDate "2019.07.15"]
[SourceQuality "1"]

1. d4 Nf6 2. c4 e6 3. Nc3 Bb4 4. e3 Ne4 5. Qc2 f5 6. Bd3 Nf6 7. a3 Bxc3+ 8. Qxc3 0-0 9. Nf3 d6 10. 0-0 Qe7 11. b4 Nbd7 12. Bb2 Ne4 13. Qc2 Ndf6 14. Nd2 d5 15. Nf3 c6 16. b5 Bd7 17. a4 Rfc8 18. Ba3 Qd8 19. Qb2 Be8 20. Rfc1 Ng4 21. Rc2 cxb5 22. axb5 Ngxf2 23. Rxf2 Nxf2 24. Qxf2 dxc4 25. Bc2 Bxb5 26. Ne5 Be8 27. Bc5 b6 28. Ba3 a5 29. g4 b5 30. Bc5 Rxc5 31. dxc5 Qf6 32. Qf4 g5 33. Qd4 Rd8 34. Nd7 Qxd4 35. exd4 Rxd7 36. gxf5 exf5 37. c6 Rxd4 38. c7 Bd7 39. Rxa5 Rd2 40. Rxb5 Rxc2 41. Rd5 Rc1+ 42. Kf2 Rc2+ 43. Ke1 Be6 44. Rd6 Ra2 45. Rxe6 Ra8 46. Rd6 Re8+ 47. Kd1 Kf7 48. Rd7+ Kf8 1-0

[Event "Elista-ch"]
[Site "Elista"]
[Date "2014.01.05"]
[Round "5"]
[White "Bratkovskiy, Dmitry"]
[Black "Bogrdanov, Alexander"]
[Result "1-0"]
[WhiteElo "2213"]
[BlackElo "1847"]
[PlyCount "73"]
[EventDate "2014.01.03"]
[EventType "swiss"]
[EventRounds "9"]
[EventCountry "RUS"]
[SourceTitle "CBM 158 Extra"]
[Source "ChessBase"]
[SourceDate "2014.02.28"]
[SourceVersion "1"]
[SourceVersionDate "2014.02.28"]
[SourceQuality "1"]

1. e4 e5 2. Nf3 Nc6 3. Bc4 Be7 4. 0-0 Nf6 5. Re1 d6 6. h3 0-0 7. d4 a6 8. d5 Nb8 9. Bf1 Nbd7 10. c4 Re8 11. Nc3 Nf8 12. Be3 Ng6 13. b4 c6 14. Na4 Bd7 15. Nb6 Rb8 16. Qc2 Nh5 17. c5 cxd5 18. exd5 Bb5 19. Bxb5 axb5 20. c6 Qc7 21. Nd7 Ra8 22. Bb6 Qc8 23. Ba5 Ra6 24. Nb6 Rxb6 25. Bxb6 bxc6 26. Qxc6 Qxc6 27. dxc6 Rc8 28. c7 Nf8 29. a4 Nd7 30. Ba5 bxa4 31. b5 Nc5 32. b6 Nf6 33. Bb4 Nfd7 34. Bxc5 Nxc5 35. Rec1 Nb7 36. Rxa4 Bf8 37. Ra7 1-0

[Event "Krasnodar Region Cup"]
[Site "Krasnodar"]
[Date "2013.01.29"]
[Round "7"]
[White "Bratkovskiy, Dmitry"]
[Black "Bukarin, Mikhail Yurievich"]
[Result "1-0"]
[WhiteElo "2222"]
[BlackElo "1987"]
[PlyCount "129"]
[EventDate "2013.01.23"]
[EventType "swiss"]
[EventRounds "8"]
[EventCountry "RUS"]
[SourceTitle "EXT 2023"]
[Source "ChessBase"]
[SourceDate "2022.10.05"]
[SourceVersion "1"]
[SourceVersionDate "2022.10.05"]
[SourceQuality "1"]

1. e4 e5 2. Nf3 Nc6 3. Bc4 Bc5 4. d3 Nf6 5. Be3 Bxe3 6. fxe3 d5 7. exd5 Nxd5 8. Bxd5 Qxd5 9. Nc3 Qd8 10. Qe2 Bg4 11. h3 Bxf3 12. Qxf3 Qd7 13. Rf1 f6 14. Qh5+ Qf7 15. Qg4 Qd7 16. Qc4 0-0-0 17. b4 Ne7 18. Kd2 Kb8 19. a4 Nc8 20. b5 Rhe8 21. a5 Nd6 22. Qb4 c6 23. b6 a6 24. Qa4 h6 25. Qb4 Rc8 26. Qc5 Nb5 27. Na4 Red8 28. Ke2 Qd5 29. Rf2 Qxc5 30. Nxc5 Nc3+ 31. Kf3 Rd5 32. Ne6 Rd7 33. Kg4 Re8 34. Nc7 Ree7 35. Kf5 Nd5 36. Nxd5 Rxd5 37. e4 Rb5 38. g4 Kc8 39. h4 Kd8 40. Kg6 Ke8 41. g5 hxg5 42. hxg5 fxg5 43. Kxg5 Kd7 44. Kg6 Ke6 45. Kh7 Rb2 46. Kg8 g5 47. Rg1 Ra2 48. Rxg5 Rxa5 49. c4 c5 50. Rg6+ Kd7 51. Rf8 Ra3 52. Rb8 Re8+ 53. Rxe8 Kxe8 54. Rg7 Rxd3 55. Rxb7 Rg3+ 56. Kh7 Rb3 57. Kg6 Kd8 58. Kf5 Rb4 59. Kxe5 Rxc4 60. Rh7 Rb4 61. b7 a5 62. Kd6 Rb6+ 63. Kxc5 Rb2 64. Kc6 Rc2+ 65. Kb6 1-0

[Event "Krasnodar Region Cup"]
[Site "Krasnodar"]
[Date "2013.01.26"]
[Round "4"]
[White "Bratkovskiy, Dmitry"]
[Black "Sverkunov, Oleg"]
[Result "1-0"]
[WhiteElo "2222"]
[BlackElo "1886"]
[PlyCount "53"]
[EventDate "2013.01.23"]
[EventType "swiss"]
[EventRounds "8"]
[EventCountry "RUS"]
[SourceTitle "EXT 2023"]
[Source "ChessBase"]
[SourceDate "2022.10.05"]
[SourceVersion "1"]
[SourceVersionDate "2022.10.05"]
[SourceQuality "1"]

1. d4 Nf6 2. Nf3 g6 3. c4 Bg7 4. Nc3 0-0 5. g3 d6 6. Bg2 Nc6 7. d5 Na5 8. Nd2 Nd7 9. Qc2 c5 10. b3 a6 11. Bb2 Rb8 12. a4 b6 13. 0-0 Ne5 14. h3 f5 15. f4 Nf7 16. Rae1 e5 17. dxe6 Bxe6 18. Nd5 b5 19. Bxg7 Kxg7 20. Qc3+ Kh6 21. Nf6 g5 22. e4 bxc4 23. exf5 Bc8 24. Ng4+ Kh5 25. Qg7 Bxf5 26. Nf6+ Qxf6 27. Bf3+ 1-0

[Event "Krasnodar Region Cup"]
[Site "Krasnodar"]
[Date "2013.01.25"]
[Round "3"]
[White "Trubchaninov, Timur"]
[Black "Bratkovskiy, Dmitry"]
[Result "1-0"]
[WhiteElo "2017"]
[BlackElo "2222"]
[PlyCount "63"]
[EventDate "2013.01.23"]
[EventType "swiss"]
[EventRounds "8"]
[EventCountry "RUS"]
[SourceTitle "EXT 2023"]
[Source "ChessBase"]
[SourceDate "2022.10.05"]
[SourceVersion "1"]
[SourceVersionDate "2022.10.05"]
[SourceQuality "1"]

1. e4 c5 2. Nf3 Nc6 3. c3 e6 4. d4 d5 5. exd5 exd5 6. Bb5 Bd6 7. dxc5 Bxc5 8. 0-0 Nge7 9. Nbd2 0-0 10. Nb3 Bb6 11. Bd3 Qd6 12. h3 Bf5 13. Re1 Bxh3 14. Bxh7+ Kh8 15. Ng5 Bc7 16. g3 Bb6 17. Bf4 Qh6 18. Nd4 g6 19. Nxf7+ Rxf7 20. Bxh6 Kxh7 21. Bf4 Nxd4 22. cxd4 Nc6 23. Qf3 Kg7 24. Qxd5 Bxd4 25. Rad1 Bf6 26. Bh6+ Kg8 27. Qc4 Rc8 28. Rd6 Ne5 29. Qd5 Ng4 30. f3 Be7 31. Rxe7 Rc1+ 32. Bxc1 1-0

[Event "Krasnodar Region Cup"]
[Site "Krasnodar"]
[Date "2013.01.23"]
[Round "1"]
[White "Korolkov, Yury"]
[Black "Bratkovskiy, Dmitry"]
[Result "0-1"]
[WhiteElo "1792"]
[BlackElo "2222"]
[PlyCount "64"]
[EventDate "2013.01.23"]
[EventType "swiss"]
[EventRounds "8"]
[EventCountry "RUS"]
[SourceTitle "EXT 2023"]
[Source "ChessBase"]
[SourceDate "2022.10.05"]
[SourceVersion "1"]
[SourceVersionDate "2022.10.05"]
[SourceQuality "1"]

1. e4 b6 2. Nf3 Bb7 3. Nc3 e6 4. a3 d5 5. exd5 exd5 6. d4 Nf6 7. Bg5 Be7 8. Bd3 Ne4 9. Bxe7 Qxe7 10. 0-0 0-0 11. Re1 Nd7 12. Ne2 c5 13. c3 c4 14. Bc2 f5 15. Nf4 g5 16. Ne2 g4 17. Nd2 Qg5 18. Nf1 f4 19. Qc1 Nxf2 20. Kxf2 Qh4+ 21. Kg1 f3 22. gxf3 gxf3 23. Kh1 f2 24. Rd1 Rae8 25. Nfg3 Qg4 26. Kg2 Qf3+ 27. Kf1 Rxe2 28. Qg5+ Kh8 29. Bf5 Rfe8 30. Be4 R2xe4 31. Nxe4 dxe4 32. Qg3 e3 0-1

[Event "Krasnodar Region-ch op"]
[Site "Krasnodar"]
[Date "2008.10.??"]
[Round "2"]
[White "Pudovkin, Dmitry"]
[Black "Bratkovskiy, Dmitry"]
[Result "0-1"]
[WhiteElo "2349"]
[BlackElo "2199"]
[PlyCount "64"]
[EventDate "2008.10.18"]
[EventType "swiss"]
[EventRounds "9"]
[EventCountry "RUS"]
[SourceTitle "EXT 2022"]
[Source "ChessBase"]
[SourceDate "2021.10.06"]
[SourceVersion "1"]
[SourceVersionDate "2021.10.06"]
[SourceQuality "1"]

1. d4 Nf6 2. c4 Nc6 3. Nc3 e5 4. d5 Ne7 5. e4 Ng6 6. a3 Bc5 7. b4 Bd4 8. Nge2 Nxe4 9. Nxe4 Bxa1 10. Bg5 f6 11. Be3 Bd4 12. Nxd4 exd4 13. Qxd4 d6 14. f4 0-0 15. Kf2 Qe7 16. h4 Ne5 17. Kg3 Ng4 18. Bd2 Nh6 19. Kf2 Qe5 20. Qd3 Qb2 21. Be2 Bf5 22. Bf3 Rae8 23. Rb1 Qa2 24. Re1 Re7 25. Re2 Rfe8 26. Kg3 Kf8 27. h5 Bxe4 28. Rxe4 Rxe4 29. Bxe4 Rxe4 30. Qxe4 Qxd2 31. Qe6 Qd3+ 32. Kf2 Qf5 0-1

[Event "RUS-ch U18"]
[Site "Nojabrsk"]
[Date "2005.04.13"]
[Round "8"]
[White "Bratkovskiy, Dmitry"]
[Black "Maslov, Mikhail"]
[Result "0-1"]
[WhiteElo "2224"]
[BlackElo "2324"]
[PlyCount "50"]
[EventDate "2005.04.06"]
[EventType "swiss"]
[EventRounds "9"]
[EventCountry "RUS"]
[SourceTitle "EXT 2006"]
[Source "ChessBase"]
[SourceDate "2005.11.24"]
[SourceVersion "1"]
[SourceVersionDate "2005.11.24"]
[SourceQuality "1"]

1. e4 e5 2. Nf3 Nf6 3. Nxe5 d6 4. Nf3 Nxe4 5. d4 d5 6. Bd3 Nc6 7. 0-0 Bg4 8. c3 Be7 9. Nbd2 f5 10. Qb3 0-0 11. Qxb7 Rf6 12. Qb3 Kh8 13. Qc2 Bd6 14. Bb5 Nxd2 15. Nxd2 Bxh2+ 16. Kxh2 Rh6+ 17. Kg1 Qh4 18. f3 Qh2+ 19. Kf2 Bh3 20. Rg1 Rg6 21. Qd1 Re8 22. Ne4 fxe4 23. Bxc6 e3+ 24. Ke2 Rxg2+ 25. Rxg2 Qxg2+ 0-1

[Event "RUS-ch U18"]
[Site "Nojabrsk"]
[Date "2005.04.10"]
[Round "5"]
[White "Uzhva, Andrey Nikolaevich"]
[Black "Bratkovskiy, Dmitry"]
[Result "1/2-1/2"]
[WhiteElo "2247"]
[BlackElo "2224"]
[PlyCount "60"]
[EventDate "2005.04.06"]
[EventType "swiss"]
[EventRounds "9"]
[EventCountry "RUS"]
[SourceTitle "EXT 2006"]
[Source "ChessBase"]
[SourceDate "2005.11.24"]
[SourceVersion "1"]
[SourceVersionDate "2005.11.24"]
[SourceQuality "1"]

1. e4 c5 2. Nf3 Nc6 3. d4 cxd4 4. Nxd4 e5 5. Nb5 a6 6. Nd6+ Bxd6 7. Qxd6 Qf6 8. Qa3 Nd4 9. Qd3 d5 10. Nc3 Ne7 11. Be3 0-0 12. 0-0-0 dxe4 13. Nxe4 Qg6 14. Bxd4 exd4 15. Qxd4 Bf5 16. Bd3 Nc6 17. Qd5 Nb4 18. Nf6+ Qxf6 19. Qxf5 Nxd3+ 20. Qxd3 Qxf2 21. Rd2 Qf4 22. g3 Qg5 23. h4 Qa5 24. Qb3 Rac8 25. Rf1 Rc7 26. g4 Qc5 27. Rdf2 Qc4 28. Qxc4 Rxc4 29. Rf4 Rfc8 30. c3 b6 1/2-1/2

[Event "Krasnodar South Region-ch"]
[Site "Krasnodar"]
[Date "2005.02.??"]
[Round "?"]
[White "Sorokobjagin, Sergey"]
[Black "Bratkovskiy, Dmitry"]
[Result "0-1"]
[WhiteElo "2192"]
[BlackElo "2223"]
[PlyCount "74"]
[EventDate "2005.02.??"]
[EventType "swiss"]
[EventRounds "9"]
[EventCountry "RUS"]
[SourceTitle "EXT 2006"]
[Source "ChessBase"]
[SourceDate "2005.11.24"]
[SourceVersion "1"]
[SourceVersionDate "2005.11.24"]
[SourceQuality "1"]

1. e4 c5 2. Nc3 Nc6 3. g3 d6 4. Bg2 g6 5. d3 Bg7 6. Nh3 Nf6 7. 0-0 h5 8. f3 Nh7 9. Ne2 g5 10. Nxg5 Nxg5 11. Bxg5 Bxb2 12. Rb1 Bd4+ 13. Nxd4 Nxd4 14. c3 Ne6 15. Be3 Qa5 16. Qd2 b6 17. f4 Bb7 18. f5 Nc7 19. Qc2 0-0-0 20. c4 f6 21. Rb3 Bc6 22. Qb2 Qa6 23. Qe2 Ba4 24. Rb2 Rh7 25. h4 Rg8 26. Kh2 Rhg7 27. Bf4 Be8 28. Bf3 e5 29. fxe6 Nxe6 30. Bxh5 Nxf4 31. Rxf4 Bxh5 32. Qxh5 Rxg3 33. Qf5+ Kc7 34. Rf3 R3g6 35. Rbf2 Qa3 36. Qf4 Rg4 37. Qe3 Qc3 0-1

[Event "Krasnodar Elo U18"]
[Site "Krasnodar"]
[Date "2004.11.??"]
[Round "8"]
[White "Bratkovskiy, Dmitry"]
[Black "Udovichenko, Nikolai"]
[Result "0-1"]
[WhiteElo "2157"]
[BlackElo "2190"]
[PlyCount "58"]
[EventDate "2004.11.??"]
[EventType "tourn"]
[EventRounds "9"]
[EventCountry "RUS"]
[SourceTitle "EXT 2006"]
[Source "ChessBase"]
[SourceDate "2005.11.24"]
[SourceVersion "1"]
[SourceVersionDate "2005.11.24"]
[SourceQuality "1"]

1. e4 c5 2. Nf3 Nc6 3. Bb5 e6 4. 0-0 Nge7 5. Re1 a6 6. Bf1 f6 7. e5 Ng6 8. d4 cxd4 9. Bd3 Qc7 10. exf6 gxf6 11. c3 dxc3 12. Nxc3 Be7 13. Qc2 Nge5 14. Nxe5 Nxe5 15. Bxh7 f5 16. Bxf5 Rxh2 17. f4 Nf3+ 18. Kf2 Rxg2+ 19. Kxf3 Rxc2 20. Bxc2 b5 21. Bg6+ Kd8 22. Be3 Bb7+ 23. Kg4 Qc6 24. Be4 d5 25. Red1 Kc7 26. Rac1 Rg8+ 27. Kf3 Kb8 28. Nxd5 exd5 29. Rxc6 dxe4+ 0-1

[Event "Krasnodar Elo U18"]
[Site "Krasnodar"]
[Date "2004.11.??"]
[Round "2"]
[White "Vastrukhin, Oleg"]
[Black "Bratkovskiy, Dmitry"]
[Result "1-0"]
[WhiteElo "2108"]
[BlackElo "2157"]
[PlyCount "61"]
[EventDate "2004.11.??"]
[EventType "tourn"]
[EventRounds "9"]
[EventCountry "RUS"]
[SourceTitle "EXT 2006"]
[Source "ChessBase"]
[SourceDate "2005.11.24"]
[SourceVersion "1"]
[SourceVersionDate "2005.11.24"]
[SourceQuality "1"]

1. e4 c5 2. Nf3 Nc6 3. Nc3 d6 4. Bc4 Nf6 5. 0-0 g6 6. d3 Bg7 7. h3 0-0 8. Be3 Na5 9. e5 Nxc4 10. dxc4 Ne8 11. exd6 Nxd6 12. Bxc5 Bxc3 13. bxc3 Be6 14. Bxd6 exd6 15. Qd4 Qc7 16. Nd2 Rfc8 17. Rab1 Bxc4 18. Ne4 Bxa2 19. Nf6+ Kf8 20. Nxh7+ Kg8 21. Nf6+ Kf8 22. Rb4 Qxc3 23. Qxd6+ Kg7 24. Ne4 Qc6 25. Qe5+ Kf8 26. Qh8+ Ke7 27. Qh4+ Kf8 28. Qh6+ Ke7 29. Re1 Be6 30. Ng5 Rg8 31. Qh7 1-0

[Event "Krasnodar Petrosian Memorial op"]
[Site "Krasnodar"]
[Date "2004.10.??"]
[Round "7"]
[White "Bedia, Melor"]
[Black "Bratkovskiy, Dmitry"]
[Result "1-0"]
[WhiteElo "2164"]
[BlackElo "2157"]
[PlyCount "47"]
[EventDate "2004.10.??"]
[EventType "swiss"]
[EventRounds "9"]
[EventCountry "RUS"]
[SourceTitle "EXT 2006"]
[Source "ChessBase"]
[SourceDate "2005.11.24"]
[SourceVersion "1"]
[SourceVersionDate "2005.11.24"]
[SourceQuality "1"]

1. d4 Nf6 2. c4 e6 3. Nf3 Bb4+ 4. Bd2 Bxd2+ 5. Qxd2 Ne4 6. Qc2 f5 7. Nc3 Nxc3 8. Qxc3 0-0 9. e3 d5 10. Bd3 Nd7 11. 0-0-0 c6 12. Kb1 Qe7 13. Qc2 dxc4 14. Bxc4 b5 15. Bd3 Bb7 16. e4 c5 17. exf5 exf5 18. Rhe1 Qf6 19. Bxb5 Be4 20. Rxe4 fxe4 21. Qxe4 Qd6 22. Ng5 Nf6 23. Bc4+ Kh8 24. Qxa8 1-0

[Event "RUS-ch U16"]
[Site "Dagomys"]
[Date "2004.04.??"]
[Round "?"]
[White "Bratkovskiy, Dmitry"]
[Black "Glotov, Mikhail"]
[Result "1-0"]
[WhiteElo "2194"]
[BlackElo "2337"]
[PlyCount "70"]
[EventDate "2004.04.??"]
[EventType "swiss"]
[EventRounds "10"]
[EventCountry "RUS"]
[SourceTitle "EXT 2005"]
[Source "ChessBase"]
[SourceDate "2004.11.15"]
[SourceVersion "1"]
[SourceVersionDate "2004.11.15"]
[SourceQuality "1"]

1. e4 c5 2. Nf3 d6 3. Bb5+ Bd7 4. Bxd7+ Qxd7 5. 0-0 Nc6 6. c3 Nf6 7. Re1 e6 8. d4 cxd4 9. Nxd4 Be7 10. Bg5 h6 11. Bc1 0-0 12. Na3 a6 13. Nac2 Rfc8 14. Nxc6 Qxc6 15. Nd4 Qc7 16. Qb3 Nd7 17. Be3 Nc5 18. Qc2 b5 19. Rac1 Qb7 20. f3 a5 21. a3 Nd7 22. Qe2 Rab8 23. Nb3 Qa8 24. Nd4 Qb7 25. Nb3 Qc7 26. Bd4 Rb7 27. Qd2 Ra8 28. Na1 Nb6 29. Qf2 Nc4 30. Qg3 e5 31. Be3 Nxe3 32. Rxe3 Bg5 33. Nc2 b4 34. axb4 axb4 35. Qf2 Ra2 1-0

[Event "RUS-ch U16"]
[Site "Dagomys"]
[Date "2004.04.??"]
[Round "?"]
[White "Pokazanjev, Nikolai"]
[Black "Bratkovskiy, Dmitry"]
[Result "0-1"]
[WhiteElo "2383"]
[BlackElo "2194"]
[PlyCount "50"]
[EventDate "2004.04.??"]
[EventType "swiss"]
[EventRounds "10"]
[EventCountry "RUS"]
[SourceTitle "EXT 2005"]
[Source "ChessBase"]
[SourceDate "2004.11.15"]
[SourceVersion "1"]
[SourceVersionDate "2004.11.15"]
[SourceQuality "1"]

1. e4 b6 2. Nc3 Bb7 3. d4 e6 4. Nf3 Bb4 5. Bd3 Nf6 6. Qe2 d5 7. exd5 Qxd5 8. Bd2 Qh5 9. 0-0-0 Nc6 10. Ne4 Bxd2+ 11. Rxd2 0-0-0 12. Nxf6 gxf6 13. Ba6 Qg4 14. g3 Bxa6 15. Qxa6+ Kb8 16. Qe2 e5 17. Rhd1 exd4 18. h3 Qxh3 19. Nxd4 Nxd4 20. Rxd4 Rhe8 21. Qf3 Qe6 22. Kb1 h5 23. b3 Qe5 24. Rd5 Qe6 25. Rxd8+ Rxd8 0-1

[Event "RUS-ch U16"]
[Site "Dagomys"]
[Date "2004.04.??"]
[Round "?"]
[White "Trofimov, Sergey P"]
[Black "Bratkovskiy, Dmitry"]
[Result "1-0"]
[WhiteElo "2301"]
[BlackElo "2194"]
[PlyCount "27"]
[EventDate "2004.04.??"]
[EventType "swiss"]
[EventRounds "10"]
[EventCountry "RUS"]
[SourceTitle "EXT 2005"]
[Source "ChessBase"]
[SourceDate "2004.11.15"]
[SourceVersion "1"]
[SourceVersionDate "2004.11.15"]
[SourceQuality "1"]

1. d4 b6 2. c4 Bb7 3. Nf3 f5 4. g3 Nf6 5. Bg2 e6 6. 0-0 Be7 7. Nc3 Ne4 8. Bd2 0-0 9. d5 Nxd2 10. Qxd2 Bf6 11. Nd4 Na6 12. Rfd1 Qe7 13. d6 Qxd6 14. Bxb7 1-0